[Event "Vidmar mem"]
[Site "Ljublana Portoroz"]
[Date "1989.??.??"]
[Round "?"]
[White "Gostisa, Leon"]
[Black "Kozul, Zdenko"]
[Result "0-1"]
[WhiteElo "2420"]
[BlackElo "2490"]

1.d4 Nf6 2.c4 g6 3.Nc3 d5 4.cxd5 Nxd5 5.e4 Nxc3 6.bxc3 Bg7 7.Nf3 c5 8.Bb5+ Nc6
9.O-O cxd4 10.cxd4 O-O 11.Be3 Bg4 12.Bxc6 bxc6 13.Rc1 Qd7 14.h3 Bxf3 15.Qxf3 Rac8
16.Rc4 f5 17.exf5 Rxf5 18.Qe4 Ra5 19.a4 Bf6 20.Rfc1 Kf7 21.Qf3 Kg7 22.Qf4 Rf5
23.Qe4 Ra5 24.Rb1 Rd8 25.Rcb4 Qd6 26.Qf3 Rd7 27.Qg4 h5 28.Qe4 Kf7 29.Rc4 Rd5
30.Bf4 Qe6 31.Qxe6+ Kxe6 32.Rxc6+ Kf7 33.Be3 Bxd4 34.Bxd4 Rxd4 35.a5 Ra4
36.a6 Rd2 37.Rb3 Ra1+ 38.Kh2 Rxf2 39.Rg3 Rf6 40.Rgc3 Rxa6 41.Rc8 Ra2  0-1

[Event "Lugano op"]
[Site "Lugano"]
[Date "1989.??.??"]
[Round "1"]
[White "Heckler, Mario"]
[Black "Vanheste, Jeroen"]
[Result "1-0"]
[WhiteElo "2245"]
[BlackElo "2410"]

1.d4 Nf6 2.c4 g6 3.Nc3 d5 4.cxd5 Nxd5 5.e4 Nxc3 6.bxc3 Bg7 7.Bc4 c5 8.Ne2 O-O
9.O-O Nc6 10.Be3 Qc7 11.Rc1 Rd8 12.Qa4 Bd7 13.Qa3 Na5 14.Bd3 b6 15.d5 c4
16.Bb1 e6 17.Bf4 e5 18.Be3 Nb7 19.Kh1 Qd6 20.Qb2 Nc5 21.Qb4 Bc8 22.Rcd1 Bf8
23.f4 exf4 24.Bxf4 Qd7 25.Qb2 Re8 26.Ng3 Bg7 27.Qd2 h5 28.Bh6 Qe7 29.Bxg7 Kxg7
30.e5 Bg4 31.Rde1 Rad8 32.d6 Qh4 33.Qf4 Rf8 34.h3 Kg8 35.Ne4 Nxe4 36.Qxe4 Rfe8
37.Qxc4 Re6 38.Re4 Kg7 39.Ref4 Rd7 40.Kg1 g5 41.Qe4 f5 42.Rxf5  1-0

[Event "Lugano op"]
[Site "Lugano"]
[Date "1989.??.??"]
[Round "1"]
[White "Fecht, Hans Peter"]
[Black "Thorsteins, Karl"]
[Result "0-1"]
[WhiteElo "2260"]
[BlackElo "2430"]

1.d4 Nf6 2.c4 g6 3.Nc3 d5 4.cxd5 Nxd5 5.e4 Nxc3 6.bxc3 Bg7 7.Bc4 O-O 8.Ne2 Nc6
9.O-O b6 10.Be3 Bb7 11.Qd2 Qd7 12.Rad1 Na5 13.Bd3 c5 14.Bh6 cxd4 15.cxd4 Rac8
16.Qg5 Nc4 17.Bb1 Rfd8 18.Bxg7 Kxg7 19.Rd3 h6 20.Qh4 Qc6 21.Rh3 g5 22.Rg3 Nd2
23.Rxg5+ hxg5 24.Qxg5+ Qg6 25.Qxd2 Bxe4 26.Bxe4 Qxe4 27.Ng3 Qg6 28.h4 Rd5
29.Qf4 e6 30.Re1 Qf6 31.Qg4+ Kh8 32.Re4 Rc1+ 33.Kh2 Qxf2 34.Rf4 Qg1+ 35.Kh3 Rc3
36.Qe2 Qe3 37.Qg4 Rf5 38.Re4 Qg1 39.Qe2 Qf2 40.Qg4 Re3 41.Rxe3 Qxe3 42.Kh2 Qf4  0-1

[Event "Lugano op"]
[Site "Lugano"]
[Date "1989.??.??"]
[Round "3"]
[White "Danner, Georg"]
[Black "Birnboim, Nathan"]
[Result "1/2-1/2"]
[WhiteElo "2400"]
[BlackElo "2390"]

1.d4 Nf6 2.c4 g6 3.Nc3 d5 4.cxd5 Nxd5 5.e4 Nxc3 6.bxc3 Bg7 7.Qa4+ Nd7 8.Nf3 O-O
9.Be2 c5 10.Be3 Nf6 11.Bd3 cxd4 12.cxd4 Bd7 13.Qa3 Bc6 14.d5 Ng4 15.Rb1 Nxe3
16.fxe3 Bd7 17.Rxb7 Rb8 18.Qxa7 Ra8 19.Qb6 Bc3+ 20.Kf2 Rxa2+ 21.Kg3 Qxb6
22.Rxb6 Ra3 23.Rhb1 Ba5 24.R6b3 Ra2 25.Rb7 Bc8 26.R7b2 Ra3 27.Rb3 Ra2 28.R1b2 Ra1
29.Rc2 Kg7 30.h3 Rd8 31.Nd4 h5 32.Nc6 Be1+ 33.Kf3 Rd6 34.Nxe7 Rb6 35.Nf5+ Bxf5
36.exf5 gxf5 37.d6 Rxd6 38.Bxf5 h4 39.Kg4 Bg3 40.Rc4 Rf1 41.Rb5 Rf2 42.Rc2 Rxc2
43.Bxc2 Rd2 44.Be4 Re2 45.Rb3 Rd2 46.Kf5 Rd6 47.Bf3 Re6 48.Bb7 Re5+ 49.Kg4 Rc5
50.Be4 Rc4 51.Kf3 Rc5 52.Rb2 Kf6 53.Rb7 Ra5 54.Bc6 Rc5 55.Be8 Rf5+ 56.Ke2 Kg7
57.Bc6 Kh6 58.Kd3 Rc5 59.Bf3 Kg6 60.Kd4 Re5 61.Bd5 f6 62.Bg8 Bf2 63.Bh7+ Kg5
64.Be4 Bxe3+ 65.Kxe3 f5 66.Rb4 fxe4 67.Rxe4 Rxe4+ 68.Kxe4  1/2-1/2

[Event "Lugano op"]
[Site "Lugano"]
[Date "1989.??.??"]
[Round "4"]
[White "Seirawan, Yasser"]
[Black "Ftacnik, Lubomir"]
[Result "1-0"]
[WhiteElo "2610"]
[BlackElo "2550"]

1.d4 Nf6 2.c4 g6 3.Nc3 d5 4.cxd5 Nxd5 5.e4 Nxc3 6.bxc3 Bg7 7.Bc4 c5 8.Ne2 O-O
9.O-O Nc6 10.Be3 Bg4 11.f3 Bd7 12.Rb1 Qc7 13.Bf4 Qc8 14.d5 Na5 15.Bd3 e5
16.Be3 f5 17.exf5 gxf5 18.c4 b6 19.Bd2 Nb7 20.Ng3 Qe8 21.Bc3 Qg6 22.Be2 Nd6
23.f4 e4 24.Qd2 Bxc3 25.Qxc3 Qf6 26.Qxf6 Rxf6 27.Rb2 Ne8 28.Rc1 Kf8 29.Nf1 Ke7
30.Rc3 Nd6 31.Rh3 h6 32.Rg3 Kf8 33.Ra3 Ne8 34.Bd1 Nc7 35.Ne3 Ke7 36.Ba4 Bxa4
37.Rxa4 Kd7 38.Ra3 Ne8 39.Kf2 Kc8 40.Nd1 Kc7 41.Rg3 Rd8 42.Ne3 Kd7 43.a4 Ke7
44.a5 Kf8 45.axb6 axb6 46.Nc2 Nc7 47.Ra3 b5 48.Ra7 Rc8 49.Ne3 b4 50.Rb7 Ne8
51.Ra2 Rc7 52.Rb8 Kf7 53.Ke2 Ng7 54.Kd2 Rd6 55.Raa8 Rdd7 56.Ra5 Ne6 57.Nxf5 Nxf4
58.Ke3 Nxg2+ 59.Kxe4 Re7+ 60.Nxe7 Rxe7+ 61.Kf5 Ne3+ 62.Kf4 Nxc4 63.Rxc5 Ne5
64.d6 Nd3+ 65.Kf5 Nxc5 66.dxe7 Kxe7 67.Rxb4  1-0

[Event "Lugano op"]
[Site "Lugano"]
[Date "1989.??.??"]
[Round "4"]
[White "Kabisch, Thilo"]
[Black "Manor, Ilan"]
[Result "0-1"]
[WhiteElo "2285"]
[BlackElo "2425"]

1.d4 Nf6 2.c4 g6 3.Nc3 d5 4.cxd5 Nxd5 5.e4 Nxc3 6.bxc3 Bg7 7.Bc4 O-O 8.Ne2 Nc6
9.Rb1 b6 10.O-O Bb7 11.f4 Na5 12.Bd3 e6 13.f5 exf5 14.exf5 c5 15.Ba3 Qd5
16.Nf4 Qxa2 17.fxg6 hxg6 18.Qg4 Qd2 19.dxc5 Qxc3 20.c6 Nxc6 21.Bxf8 Ne5 22.Qg5 Rxf8
23.Rfd1 Qc5+  0-1

[Event "Lugano op"]
[Site "Lugano"]
[Date "1989.??.??"]
[Round "5"]
[White "Arlandi, Ennio"]
[Black "Zak, Uriel"]
[Result "0-1"]
[WhiteElo "2390"]
[BlackElo "2335"]

1.d4 Nf6 2.c4 g6 3.Nc3 d5 4.cxd5 Nxd5 5.e4 Nxc3 6.bxc3 Bg7 7.Bc4 O-O 8.Ne2 c5
9.O-O Nc6 10.Be3 cxd4 11.cxd4 Na5 12.Bd3 Nc6 13.Bb5 Bg4 14.f3 Bd7 15.Rb1 Na5
16.d5 e5 17.Nc3 Bxb5 18.Rxb5 b6 19.Qd3 Nb7 20.Rb3 Nd6 21.Nb5 Nxb5 22.Rxb5 Qd6
23.Bc1 Rfc8 24.Ba3 Qd7 25.d6 Rc6 26.Rd1 Rac8 27.Bb2 Rxd6 28.Qxd6 Qxb5 29.Qd7 Qxd7
30.Rxd7 h5 31.Rd5 Rc2 32.Rb5 Bf8 33.a4 Bc5+ 34.Kf1 f6  0-1

[Event "Lugano op"]
[Site "Lugano"]
[Date "1989.??.??"]
[Round "6"]
[White "Zueger, Beat"]
[Black "Filipovic, Branko"]
[Result "1-0"]
[WhiteElo "2445"]
[BlackElo "2450"]

1.d4 Nf6 2.c4 g6 3.Nc3 d5 4.cxd5 Nxd5 5.e4 Nxc3 6.bxc3 Bg7 7.Bc4 O-O 8.Ne2 c5
9.Be3 Nc6 10.Rb1 cxd4 11.cxd4 e6 12.h4 e5 13.d5 Na5 14.Bd3 f5 15.h5 fxe4
16.Bxe4 Nc4 17.Qb3 Nxe3 18.d6+ Kh8 19.hxg6 Qa5+ 20.Qc3 Qxc3+ 21.Nxc3 Nxg2+
22.Bxg2 h6 23.Ne4 Bf5 24.Rxb7 Bxg6 25.d7 Rab8 26.Nc5 e4 27.Rxb8 Rxb8 28.Ne6 Bc3+
29.Ke2 Rb2+ 30.Ke3 Bd2+ 31.Kd4 Ba5 32.Rxh6+ Bh7 33.Bxe4 Rd2+ 34.Kc4 Rxd7
35.Ng5 Bd2 36.Rxh7+ Rxh7 37.Nxh7 Kg7 38.Kd5 Be1 39.f4 Bd2 40.Ng5  1-0

[Event "Lugano op"]
[Site "Lugano"]
[Date "1989.??.??"]
[Round "7"]
[White "Douven, Rudy C"]
[Black "Sibarevic, Milenko"]
[Result "1-0"]
[WhiteElo "2445"]
[BlackElo "2365"]

1.d4 Nf6 2.c4 g6 3.Nc3 d5 4.cxd5 Nxd5 5.e4 Nxc3 6.bxc3 Bg7 7.Bc4 c5 8.Ne2 Nc6
9.Be3 O-O 10.Rc1 cxd4 11.cxd4 Qa5+ 12.Kf1 Bd7 13.h4 Rac8 14.h5 e6 15.hxg6 hxg6
16.Qb3 Qb4 17.Qd3 Na5 18.Bd2 Qa4 19.Qh3 f5 20.Qh7+ Kf7 21.exf5 Rxc4 22.Qxg6+ Kg8
23.Qh7+ Kf7 24.Re1 exf5 25.Bh6 Rg8 26.Bxg7 Rxg7 27.Qh5+ Rg6 28.Qh8 Rc8 29.Rh7+  1-0

[Event "Lugano op"]
[Site "Lugano"]
[Date "1989.??.??"]
[Round "7"]
[White "Arlandi, Ennio"]
[Black "Thiel, Thomas"]
[Result "1-0"]
[WhiteElo "2390"]
[BlackElo "2215"]

1.d4 Nf6 2.c4 g6 3.Nc3 d5 4.cxd5 Nxd5 5.e4 Nxc3 6.bxc3 Bg7 7.Bc4 c5 8.Ne2 Nc6
9.Be3 cxd4 10.cxd4 Qa5+ 11.Qd2 Qxd2+ 12.Kxd2 O-O 13.Rhd1 Na5 14.Rac1 Bd7
15.Bd3 Ba4 16.Re1 Rfd8 17.Rc5 b6 18.Rc7 e5 19.d5 Bf8 20.Rb1 Bd6 21.Rcc1 Ba3
22.Rc3 Bd6 23.Bg5 Rdc8 24.Ba6 Rc7 25.Rxc7 Bxc7 26.Be7 Bd8 27.Bb4 Kg7 28.Kd3 Bd7
29.Rc1 b5 30.Bd6  1-0

[Event "Lugano op"]
[Site "Lugano"]
[Date "1989.??.??"]
[Round "7"]
[White "Heckler, Mario"]
[Black "Fette, Martin"]
[Result "0-1"]
[WhiteElo "2245"]
[BlackElo "2385"]

1.d4 Nf6 2.c4 g6 3.Nc3 d5 4.cxd5 Nxd5 5.e4 Nxc3 6.bxc3 Bg7 7.Bc4 c5 8.Ne2 O-O
9.O-O Nc6 10.Be3 Bg4 11.f3 Bd7 12.Rc1 a6 13.Qe1 b5 14.Bd3 e6 15.Qg3 cxd4
16.cxd4 Qb6 17.f4 Nxd4 18.e5 Nxe2+ 19.Bxe2 Qa5 20.Rfd1 Rfd8 21.Qf2 Be8 22.Bb6 Rxd1+
23.Bxd1 Qa3 24.Qd2 Bf8 25.Rc7 Be7 26.Bf3 Rb8 27.Ba7 Rd8 28.Qe3 Rd3 29.Qc1 Qxc1+
30.Rxc1 Kg7 31.Bb6 b4 32.Ba5 Ra3 33.Bc7 Rxa2 34.Bd6 Bxd6 35.exd6 b3 36.Rb1 a5
37.Rxb3 Rd2 38.Rb6 a4 39.Ra6 Kf6 40.Bb7 Bd7 41.h3 e5 42.fxe5+ Kxe5 43.Kf1 Bb5+
44.Ke1 Bxa6 45.Kxd2 Bb5  0-1

[Event "Lugano op"]
[Site "Lugano"]
[Date "1989.??.??"]
[Round "9"]
[White "Wilder, Michael"]
[Black "Hort, Vlastimil"]
[Result "1/2-1/2"]
[WhiteElo "2540"]
[BlackElo "2580"]

1.d4 Nf6 2.c4 g6 3.Nc3 d5 4.cxd5 Nxd5 5.e4 Nxc3 6.bxc3 Bg7 7.Bc4 O-O 8.Ne2 Nc6
9.O-O b6 10.Bd3 Bb7 11.Bg5 Qd6 12.e5 Qd7 13.Be3 Na5 14.Nf4 c5 15.Rc1 Rac8
16.e6 fxe6 17.Qg4 cxd4 18.cxd4 Rxc1 19.Rxc1 Rc8 20.Rd1 Nc4 21.Bc1 b5 22.h4 Rd8
23.Qxe6+  1/2-1/2

[Event "Lugano op"]
[Site "Lugano"]
[Date "1989.??.??"]
[Round "9"]
[White "Grooten, Herman"]
[Black "Fette, Martin"]
[Result "0-1"]
[WhiteElo "2340"]
[BlackElo "2385"]

1.d4 Nf6 2.c4 g6 3.Nc3 d5 4.cxd5 Nxd5 5.e4 Nxc3 6.bxc3 Bg7 7.Bc4 c5 8.Ne2 O-O
9.Be3 Nc6 10.Rc1 cxd4 11.cxd4 Qa5+ 12.Kf1 Bg4 13.f3 Bd7 14.Kf2 Rac8 15.Qd3 Nb4
16.Qb3 Ba4 17.Qa3 b5 18.Bxf7+ Kxf7 19.Bd2 Rc2 20.Bxb4 Bxd4+ 21.Kg3 Qc7+ 22.f4 Bb6
23.Rxc2 Qxc2 24.Qf3 a5 25.Rc1 Qxa2 26.Bxe7 Kxe7 27.e5 b4 28.Qb7+ Bd7 29.Qxb6 Qxe2
30.h3 Qd2 31.Qc5+ Kf7 32.f5 Qg5+ 33.Kh2 Qxf5 34.Rd1 Kg8 35.Qe7 Be6 36.Rd6 Qxe5+
37.Kg1 Qe1+ 38.Kh2 Qe5+ 39.Kg1 Qf6 40.Rxe6 Qxe7 41.Rxe7 Rb8  0-1

[Event "Lugano op"]
[Site "Lugano"]
[Date "1989.??.??"]
[Round "9"]
[White "Gavrikov, Viktor"]
[Black "Birnboim, Nathan"]
[Result "1-0"]
[WhiteElo "2535"]
[BlackElo "2390"]

1.d4 Nf6 2.c4 g6 3.Nc3 d5 4.cxd5 Nxd5 5.e4 Nxc3 6.bxc3 Bg7 7.Qa4+ Bd7 8.Qa3 e5
9.Nf3 exd4 10.cxd4 Nc6 11.Be3 Bg4 12.Bb5 Qf6 13.Ne5 Bd7 14.Nxd7 Kxd7 15.Rc1 a6
16.Bxc6+ bxc6 17.Qa4 Rhb8 18.d5 Rb5 19.Rxc6 Qa1+ 20.Rc1 Bc3+ 21.Kd1 Qb2 22.Qc4  1-0

[Event "Lugano op"]
[Site "Lugano"]
[Date "1989.??.??"]
[Round "9"]
[White "Carlhammar, Magnus"]
[Black "Vanheste, Jeroen"]
[Result "1/2-1/2"]
[WhiteElo "2285"]
[BlackElo "2410"]

1.d4 Nf6 2.c4 g6 3.Nc3 d5 4.cxd5 Nxd5 5.e4 Nxc3 6.bxc3 Bg7 7.Nf3 c5 8.Bb5+ Nc6
9.O-O cxd4 10.cxd4 O-O 11.Be3 Bg4 12.Bxc6 bxc6 13.Rc1 Qa5 14.a4 Rfd8 15.Rxc6 Bxf3
16.gxf3 Bxd4 17.Bxd4 Qb4 18.Qc2 Qxd4 19.Rb1 Qe5 20.Qc5 Qxc5 21.Rxc5 Rd7 22.Rbc1 Rb8
23.Rc8+ Rxc8 24.Rxc8+ Kg7 25.Rc4 g5 26.Kg2 Kg6 27.Rc6+ Rd6 28.Rc7 Ra6 29.Rxe7 Rxa4
30.Rc7 a5 31.Ra7 Kf6 32.Kg3 Ra2 33.Ra6+ Kg7 34.Ra7 a4 35.Ra6 a3 36.Ra5 h6
37.Kg2 Ra1 38.Kh3 a2 39.Kg2 Kf6 40.Ra6+ Ke5 41.Ra5+ Kd4 42.Ra4+ Kd3 43.Ra3+ Kc2
44.Ra8 h5 45.h3  1/2-1/2

[Event "Lyngby op"]
[Site "Lyngby"]
[Date "1989.??.??"]
[Round "1"]
[White "Nielsen, Thomas Bach"]
[Black "Fedder, Steen"]
[Result "0-1"]
[WhiteElo "2295"]
[BlackElo "2390"]

1.d4 Nf6 2.c4 g6 3.Nc3 d5 4.cxd5 Nxd5 5.e4 Nxc3 6.bxc3 Bg7 7.Nf3 c5 8.Rb1 O-O
9.Be2 cxd4 10.cxd4 Qa5+ 11.Bd2 Qxa2 12.O-O Nd7 13.Bb4 Qe6 14.Qc2 Nf6 15.Bd3 Qd7
16.Bc4 b5 17.Bd3 a5 18.Bc5 b4 19.Ne5 Qc7 20.Nc4 Ba6 21.Ra1 Bxc4 22.Bxc4 Rac8
23.Qd3 Nd7 24.Qb3 e6 25.Bxe6  0-1

[Event "Marseille+"]
[Site "Marseille"]
[Date "1989.??.??"]
[Round "?"]
[White "Andruet, Gilles"]
[Black "Kouatly, Bachar"]
[Result "1/2-1/2"]
[WhiteElo "2420"]
[BlackElo "2470"]

1.d4 Nf6 2.c4 g6 3.Nc3 d5 4.cxd5 Nxd5 5.e4 Nxc3 6.bxc3 Bg7 7.Bc4 O-O 8.Ne2 Nc6
9.Be3 b6 10.Qd2 Bb7 11.h4 e5 12.h5 exd4 13.cxd4 Na5 14.Bd3 Re8 15.hxg6 fxg6
16.f3 c5 17.Rc1 cxd4 18.Bxd4 Bxd4 19.Nxd4 Re7 20.Nb3 Rd7 21.Qh6 Qe7 22.Nxa5 Rxd3
23.Nxb7 Qxb7 24.O-O Rad8 25.e5 Qe7 26.f4 Rf8 27.Rc6 Qd7 28.Rc4 Rd4 29.Rc3 Rd3
30.Rc4 Rd4 31.Rc3 Rd3 32.Rc4  1/2-1/2

[Event "Marseille"]
[Site "Marseille"]
[Date "1989.??.??"]
[Round "?"]
[White "Kozul, Zdenko"]
[Black "Dorfman, Itzhak"]
[Result "1/2-1/2"]
[WhiteElo "2490"]
[BlackElo "2565"]

1.d4 Nf6 2.c4 g6 3.Nc3 d5 4.cxd5 Nxd5 5.e4 Nxc3 6.bxc3 Bg7 7.Be3 c5 8.Qd2 cxd4
9.cxd4 Nc6 10.Rd1 e6 11.Nf3 O-O 12.Bb5 Bd7 13.O-O a6 14.Be2 Qa5 15.d5 Qxd2
16.Rxd2 exd5 17.exd5 Ne7 18.Bb6 Rfe8 19.Bc4 Rac8 20.Bb3 Bc3 21.Rdd1 h6 22.d6 Nc6
23.Nd2 Na5 24.Bxa5 Bxa5 25.Nc4 Rc5 26.f4 Kg7 27.Nxa5 Rxa5 28.Rfe1 Rxe1+ 29.Rxe1 Kf6
30.Re7 Be6 31.Re8 Bxb3 32.d7 Rd5 33.d8=Q+ Rxd8 34.Rxd8 Bxa2 35.Rd7 Kf5 36.Rxb7 Kxf4
37.Rb6 Be6 38.Kf2 g5 39.Rxa6 Kf5 40.Ke3 Kf6 41.Ke4 Kg7 42.Ke5 Bb3 43.Rf6 Bc4
44.h4 Bd3 45.Rf3 Be2 46.Re3 Bf1 47.hxg5 hxg5 48.g4 Kg6 49.Rf3 Be2 50.Rg3 Bd1
51.Rg2 Bf3 52.Rg1 Be2 53.Ke4 Bxg4 54.Rxg4  1/2-1/2

[Event "URS-ch sf"]
[Site "Moscow"]
[Date "1989.??.??"]
[Round "?"]
[White "Dragomarezkij, Evgeni"]
[Black "Krasenkow, Michal"]
[Result "1-0"]
[WhiteElo "2325"]
[BlackElo "2525"]

1.d4 Nf6 2.c4 g6 3.Nc3 d5 4.cxd5 Nxd5 5.e4 Nxc3 6.bxc3 Bg7 7.Bc4 c5 8.Ne2 Nc6
9.Be3 O-O 10.Rc1 cxd4 11.cxd4 Qa5+ 12.Kf1 Bd7 13.h4 Rfc8 14.h5 Nd8 15.hxg6 hxg6
16.Bd2 Qb6 17.Rb1 Ba4 18.Qe1 Qc7 19.Rc1 Qd7 20.f3 Bxd4 21.Qh4 Qd6 22.Bb4 Qf6
23.Nxd4  1-0

[Event "URS-sf Moscow-ch"]
[Site "Moscow"]
[Date "1989.??.??"]
[Round "?"]
[White "Kuzmin, Alexey"]
[Black "Krasenkow, Michal"]
[Result "1/2-1/2"]
[WhiteElo "2475"]
[BlackElo "2505"]

1.d4 Nf6 2.c4 g6 3.Nc3 d5 4.cxd5 Nxd5 5.e4 Nxc3 6.bxc3 Bg7 7.Bc4 c5 8.Ne2 Nc6
9.Be3 O-O 10.O-O Bg4 11.f3 Bd7 12.Rc1 Rc8 13.Qd2 cxd4 14.cxd4 Qa5  1/2-1/2

[Event "Moscow1"]
[Site "Moscow"]
[Date "1989.??.??"]
[Round "?"]
[White "Kuzmin, Alexey"]
[Black "Khenkin, Igor"]
[Result "1-0"]
[WhiteElo "2465"]
[BlackElo "2415"]

1.d4 Nf6 2.c4 g6 3.Nc3 d5 4.cxd5 Nxd5 5.e4 Nxc3 6.bxc3 Bg7 7.Bc4 c5 8.Ne2 Nc6
9.Be3 O-O 10.O-O Bg4 11.f3 Na5 12.Bxf7+ Rxf7 13.fxg4 Rxf1+ 14.Kxf1 Qd6 15.e5 Qd5
16.Bf2 Rf8 17.g5 Qf7 18.Qe1 h6 19.gxh6 Bxh6 20.Kg1 Nc4 21.Ng3 Bd2 22.Qe2 Bxc3
23.Rf1 Qe6 24.dxc5 Bxe5 25.Re1 Qd5 26.Rd1 Rxf2 27.Rxd5 Rxe2 28.Nxe2 Kf7 29.c6 b6
30.Rxe5  1-0

[Event "Moscow1"]
[Site "Moscow"]
[Date "1989.??.??"]
[Round "?"]
[White "Naumkin, Igor"]
[Black "Neverov, Valeriy"]
[Result "0-1"]
[WhiteElo "2435"]
[BlackElo "2430"]

1.d4 Nf6 2.c4 g6 3.Nc3 d5 4.cxd5 Nxd5 5.e4 Nxc3 6.bxc3 Bg7 7.Bc4 c5 8.Ne2 O-O
9.O-O Nc6 10.Be3 Bg4 11.f3 Na5 12.Bxf7+ Rxf7 13.fxg4 Rxf1+ 14.Kxf1 Qd6 15.Kg1 Qe6
16.Qd3 Qc4 17.Qxc4+ Nxc4 18.Bf2 cxd4 19.cxd4 e5 20.d5 Nd6 21.Ng3 Bh6 22.Bc5 Nc4
23.h4 Rc8 24.Bf2 Bf4 25.Ne2 Bd2 26.Rd1 a5 27.g5 b5 28.Ng3 b4 29.Nf1 Bc3 30.Nh2 a4
31.d6 b3 32.axb3 axb3 33.Ng4 b2 34.d7 Rd8 35.Rf1 Kg7 36.Nf6 Nd2 37.Ne8+ Kf7  0-1

[Event "URS-ch sf"]
[Site "Moscow"]
[Date "1989.??.??"]
[Round "?"]
[White "Arbakov, Valentin"]
[Black "Kozlov, V."]
[Result "1/2-1/2"]
[WhiteElo "2400"]
[BlackElo "2380"]

1.d4 Nf6 2.c4 g6 3.Nc3 d5 4.cxd5 Nxd5 5.e4 Nxc3 6.bxc3 Bg7 7.Bb5+ Bd7 8.a4 c5
9.Ne2 cxd4 10.cxd4 Nc6 11.Rb1 O-O 12.O-O e6 13.Be3 Na5 14.Bd2 Bxb5 15.axb5 a6
16.Bc3 Nc4 17.bxa6 bxa6 18.Qd3 Na3 19.Ra1 Nb5 20.Bb4 Re8 21.Rfd1 Qd7 22.g3 Qb7
23.Ba5 Re7 24.Rac1 Rd7 25.d5 exd5 26.exd5 Re8 27.h4 h5 28.Nf4 Bh6 29.Rc4 Bxf4
30.gxf4 Rc8 31.Rxc8+ Qxc8 32.f5 Rd6 33.Bb4 Rf6 34.Be7 Rxf5 35.d6 Qd7 36.Qe4 Kh7
37.Rd3 a5 38.Kg2 Rc5 39.Kg3 Rf5 40.Kg2 a4  1/2-1/2

[Event "Munich"]
[Site "Munich"]
[Date "1989.??.??"]
[Round "?"]
[White "Zueger, Beat"]
[Black "Groszpeter, Attila"]
[Result "1-0"]
[WhiteElo "2445"]
[BlackElo "2500"]

1.d4 Nf6 2.c4 g6 3.Nc3 d5 4.cxd5 Nxd5 5.e4 Nxc3 6.bxc3 Bg7 7.Bc4 c5 8.Ne2 Nc6
9.Be3 O-O 10.Rb1 cxd4 11.cxd4 b6 12.h4 Bb7 13.h5 Rc8 14.hxg6 hxg6 15.Qd3 Na5
16.Bb5 Qc7 17.Rb2 Rfd8 18.Bd2 Nc4 19.Bxc4 Qxc4 20.Qh3 f6 21.f3 Kf7 22.d5 Bxd5
23.exd5 Rxd5 24.Qg4 f5 25.Qxc4 Rxc4 26.Rb1 Rc2 27.Rd1 Kg8 28.a3 Ra2 29.Bc1 Rc5
30.Rd2 Ra1 31.O-O Kf7 32.Rd7 a5 33.Bg5 Rxf1+ 34.Kxf1 Bf8 35.Nf4 b5 36.Rd8 Bg7
37.Rd7 Bf8 38.Rb7 a4 39.Kf2 Rc3 40.Rxb5 Rxa3 41.Rb7 Rb3 42.Ra7 a3 43.Kg3 Rc3
44.Nd5 Rc5 45.Nxe7 f4+ 46.Kxf4 a2 47.Nd5+ Ke6 48.Ne3  1-0

[Event "Munich"]
[Site "Munich"]
[Date "1989.??.??"]
[Round "?"]
[White "Zueger, Beat"]
[Black "Kindermann, Stefan"]
[Result "0-1"]
[WhiteElo "2445"]
[BlackElo "2515"]

1.d4 Nf6 2.c4 g6 3.Nc3 d5 4.cxd5 Nxd5 5.e4 Nxc3 6.bxc3 Bg7 7.Bc4 O-O 8.Ne2 Nc6
9.Bd3 b6 10.O-O e5 11.d5 Na5 12.c4 f5 13.Nc3 c6 14.dxc6 Nxc6 15.Ba3 Rf7 16.c5 Be6
17.Qa4 Nd4 18.Rad1 bxc5 19.Bxc5 Rc7 20.Qa5 Rxc5 21.Qxc5 Bf8 22.Qxe5 Bd6 23.Qxd4 Bxh2+
24.Kxh2 Qxd4 25.exf5 Qh4+ 26.Kg1 gxf5 27.Rfe1 Kf7 28.Nb5 Rd8 29.Nxa7 Qa4
30.Nb5 Rxd3 31.Rxd3 Qxb5 32.Rh3 Qb4 33.Rxh7+ Kg6 34.Rxe6+ Kxh7 35.Re3 f4
36.Rf3 Qe4 37.Kh2 Kg6 38.Rb3 Kg5 39.Rb5+ Kh4 40.Rb3 Kg5 41.Rb5+ Kf6 42.Rb6+ Ke5
43.Rb5+ Ke6 44.Rb6+ Kd5 45.Rb5+ Kc4 46.Rb3 Qh7+ 47.Rh3 Qe7 48.Rf3 Qh4+ 49.Kg1 Qg4
50.Rb3 Qf5 51.Kh2 Kd4 52.Rf3 Ke4 53.Rb3 Qh5+ 54.Kg1 Qd1+ 55.Kh2 Qd2 56.f3+ Kd4
57.Kg1 Qe1+ 58.Kh2 Qa1 59.Ra3 Qb2 60.Ra4+ Ke3 61.Re4+ Kf2 62.Kh3 Qg7  0-1

[Event "Munich"]
[Site "Munich"]
[Date "1989.??.??"]
[Round "?"]
[White "Petursson, Margeir"]
[Black "Groszpeter, Attila"]
[Result "0-1"]
[WhiteElo "2530"]
[BlackElo "2500"]

1.d4 Nf6 2.c4 g6 3.Nc3 d5 4.cxd5 Nxd5 5.e4 Nxc3 6.bxc3 Bg7 7.Be3 c5 8.Qd2 O-O
9.Rb1 cxd4 10.cxd4 b6 11.Nf3 Bb7 12.Bd3 e6 13.Bh6 Nc6 14.Bxg7 Kxg7 15.Qe3 Qd6
16.O-O Nxd4 17.Qxd4+ Qxd4 18.Nxd4 Rfd8 19.Nxe6+ fxe6 20.Rfc1 Rac8 21.Rxc8 Rxc8
22.Kf1 Kf6 23.Ke2 Rc5 24.a4 Bc6 25.Rb4 Ke5 26.Ke3 g5 27.f3 Rc3 28.g3 Ra3
29.f4+ gxf4+ 30.gxf4+ Kd6 31.e5+ Ke7 32.Rb1 Be8 33.f5 exf5 34.Kd2 Bg6 35.Bb5 Ra2+
36.Kc3 Rxh2 37.Bc4 Rh3+ 38.Kd4 Rh4+ 39.Kc3 Re4 40.e6 Re3+ 41.Kd4 Re4+ 42.Kc3 f4
43.Rd1 f3 44.Rd7+ Kf6 45.Rd8 Ke7 46.Rd7+ Kf8 47.Rd2 Rf4 48.Rd8+ Ke7 49.Rd7+ Kf6
50.Rd8 f2 51.Rf8+ Kg5 52.e7 Re4 53.Rxf2 Rxe7 54.Rg2+ Kf6 55.Rf2+ Kg7 56.Rg2 h5
57.Bd3 Re6 58.Kb4 Kh6 59.Be2 a5+ 60.Kc3 Re3+ 61.Kc4 Re4+  0-1

[Event "Munich"]
[Site "Munich"]
[Date "1989.??.??"]
[Round "?"]
[White "Petursson, Margeir"]
[Black "Kindermann, Stefan"]
[Result "1/2-1/2"]
[WhiteElo "2530"]
[BlackElo "2515"]

1.d4 Nf6 2.c4 g6 3.Nc3 d5 4.cxd5 Nxd5 5.e4 Nxc3 6.bxc3 Bg7 7.Be3 c5 8.Qd2 Qa5
9.Nf3 Nc6 10.Rb1 a6 11.Rc1 cxd4 12.cxd4 Qxd2+ 13.Kxd2 f5 14.Bd3 Rf8 15.exf5 Bxf5
16.Rc5 Rd8 17.Bxa6 Nxd4 18.Bxd4 bxa6 19.Kc3 Bxd4+ 20.Nxd4 Rc8 21.Rxc8+ Bxc8
22.f3 Kd7 23.Re1 Kd6 24.Rb1 e5 25.Rb6+ Kd5 26.Nc2 e4 27.Nb4+ Ke5 28.fxe4 Kxe4
29.Rb8 Rd8 30.Ra8 Ke3 31.a4 Kf2 32.Nxa6 Kxg2 33.Nc5 Kxh2 34.a5 Rf8 35.Kd4 g5
36.a6 g4 37.Ne4 g3 38.Nxg3 Kxg3 39.a7 Rf4+ 40.Ke5 Re4+ 41.Kf6 Re6+ 42.Kf7 Ra6
43.Rxc8 Rxa7+ 44.Kf6 Kg4 45.Rc4+ Kh5 46.Rc5+ Kh6 47.Rc1 Ra6+ 48.Kf5 Rg6 49.Kf4 Kg7  1/2-1/2

[Event "Naleczow op"]
[Site "Naleczow"]
[Date "1989.??.??"]
[Round "?"]
[White "Lissowska, Anna"]
[Black "Witkowski, Stefan"]
[Result "1/2-1/2"]
[WhiteElo "2145"]
[BlackElo "2270"]

1.d4 Nf6 2.c4 g6 3.Nc3 d5 4.cxd5 Nxd5 5.e4 Nxc3 6.bxc3 Bg7 7.Nf3 O-O 8.Be3 c5
9.Be2 cxd4 10.cxd4 Qa5+ 11.Nd2  1/2-1/2

[Event "New York Manhattan"]
[Site "New York"]
[Date "1989.??.??"]
[Round "?"]
[White "Bonin, Jay R"]
[Black "Young, Ronald"]
[Result "1-0"]
[WhiteElo "2400"]
[BlackElo "2285"]

1.d4 Nf6 2.c4 g6 3.Nc3 d5 4.cxd5 Nxd5 5.e4 Nxc3 6.bxc3 Bg7 7.Nf3 O-O 8.Be2 c5
9.Rb1 Qa5 10.O-O Qxa2 11.Bg5 Qe6 12.e5 Rd8 13.Qa4 Nc6 14.d5 Rxd5 15.Bc4 b5
16.Qxb5 Bd7 17.Qb7 Rd8 18.Bxd5 Qxd5 19.Rbd1 Qe6 20.Qc7 a5 21.Rd2 Kf8 22.Rfd1 Ke8
23.Be3 Nxe5 24.Nxe5 Bxe5 25.Qxc5 Bd6 26.Qxa5 Bc6 27.Qb6 Qe4 28.f3 Qc4 29.Kh1 Qxc3
30.Bd4 Qc4 31.Bc5 Qb5 32.Qa7 Ra8 33.Rxd6 exd6 34.Re1+ Kf8 35.Qe7+ Kg8 36.Qxd6 h6
37.h3 Qb7 38.Re7 Qb5 39.Qf6 Qb1+ 40.Kh2 Qf5 41.Qxc6 Qf4+ 42.Kg1 Ra1+ 43.Kf2 Qh4+
44.g3 Ra2+ 45.Re2 Rxe2+ 46.Kxe2 Qxg3 47.Qe8+ Kg7 48.Bd4+ f6 49.Qe7+ Kg8 50.Qe6+ Kf8
51.Qxf6+  1-0

[Event "New York Manhattan"]
[Site "New York"]
[Date "1989.??.??"]
[Round "?"]
[White "Bonin, Jay R"]
[Black "Stone, Raymond"]
[Result "1/2-1/2"]
[WhiteElo "2400"]
[BlackElo "2345"]

1.d4 Nf6 2.c4 g6 3.Nc3 d5 4.cxd5 Nxd5 5.e4 Nxc3 6.bxc3 Bg7 7.Nf3 c5 8.Rb1 O-O
9.Be2 b6 10.O-O Bb7 11.Qd3 e6 12.Bg5 Qd6 13.Qe3 cxd4 14.cxd4 Nc6 15.Rfd1 Rfc8
16.d5 exd5 17.exd5 Ne5 18.Nxe5 Bxe5 19.f4 Bf6 20.Bxf6 Qxf6 21.d6 Re8 22.Qd2 Bc6
23.Bb5 Bxb5 24.Rxb5 Rad8 25.d7 Re4 26.g3 Qe6 27.f5 Qe7 28.Rd5 Re2 29.Qd4 Re1+
30.Rxe1 Qxe1+ 31.Kg2 Qe2+ 32.Kh3 Qh5+ 33.Qh4 Qxh4+ 34.Kxh4 f6 35.g4 Kf7 36.Rd6 Ke7
37.Re6+ Kf7  1/2-1/2

[Event "New York op"]
[Site "New York"]
[Date "1989.??.??"]
[Round "5"]
[White "Christiansen, Larry Mark"]
[Black "Epishin, Vladimir"]
[Result "0-1"]
[WhiteElo "2530"]
[BlackElo "2465"]

1.d4 Nf6 2.c4 g6 3.Nc3 d5 4.cxd5 Nxd5 5.e4 Nxc3 6.bxc3 Bg7 7.Ba3 O-O 8.Nf3 b6
9.Bc4 Bb7 10.O-O c5 11.Re1 Nc6 12.Bd5 e6 13.Bb3 Re8 14.e5 Rc8 15.dxc5 bxc5
16.Qe2 Qa5 17.Bb2 Red8 18.h4 c4 19.Bc2 Rd5 20.Rad1 Nxe5 21.Nd4 Nd3 22.Bxd3 cxd3
23.Qxd3 Qxa2 24.Qb1 Qc4 25.Ba3 Ba8 26.Re3 Rh5 27.Be7 Rd5 28.Rde1 Rd7 29.Ba3 Qa6
30.Bb4 Qb7 31.Nf3 Rd5 32.Qa2 Rcd8 33.c4 Rf5 34.Ba5 Rc8 35.Bc3 Bxc3 36.Rxc3 Qb4
37.Ree3 a5 38.Nd4 Rfc5 39.Nc2 Qb7 40.Rg3 Qe4 41.Ne3 Qxh4 42.Ng4 h5 43.Ne3 Qd4
44.Ra3 Rb8 45.Rb3 Rd8 46.Rb1 Qe5 47.Qa3 Be4 48.Re1 Rd3 49.Qa4 Bc6 50.Qc2 Qc3
51.Qb1 Be4 52.Rh3 Rd8 53.Qa1 Qxa1 54.Rxa1 Rd2 55.Kf1 Bd3+ 56.Kg1 f5  0-1

[Event "New York op"]
[Site "New York"]
[Date "1989.??.??"]
[Round "9"]
[White "Polugaevsky, Lev"]
[Black "Kudrin, Sergey"]
[Result "1-0"]
[WhiteElo "2575"]
[BlackElo "2550"]

1.d4 Nf6 2.c4 g6 3.Nc3 d5 4.cxd5 Nxd5 5.e4 Nxc3 6.bxc3 Bg7 7.Bc4 c5 8.Ne2 Nc6
9.Be3 O-O 10.Rc1 cxd4 11.cxd4 Qa5+ 12.Kf1 Bd7 13.h4 Rac8 14.h5 e5 15.hxg6 hxg6
16.d5 Nd4 17.Nxd4 Rxc4 18.Rxc4 Qa6 19.Qd3 exd4 20.Bxd4 Bb5 21.Qh3 Bxc4+ 22.Kg1 f6
23.Qh7+ Kf7 24.Rh6  1-0